[Event "61st ch-RUS w 1st League"]
[Site "Ivanovo RUS"]
[Date "2011.02.24"]
[Round "4"]
[White "Rashitova,G"]
[Black "Yakupova,A"]
[Result "0-1"]
[WhiteElo "1828"]
[BlackElo "2132"]

1.e4 d6 2.d4 Nf6 3.Nc3 e5 4.dxe5 dxe5 5.Qxd8+ Kxd8 6.Bg5 Be6 7.O-O-O+ Nd7
8.Nf3 Kc8 9.Bh4 h6 10.Bg3 Bd6 11.a3 a6 12.Nd2 b5 13.Be2 Kb7 14.Nf1 Bc5 15.h3 c6
16.Nd2 a5 17.Rhf1 Bd6 18.Nb3 Bc7 19.Bh2 b4 20.Na4 Nxe4 21.f3 Nef6 22.Nbc5+ Kc8
23.axb4 axb4 24.b3 Nd5 25.Bg1 Nxc5 26.Bxc5 Nc3 27.Nxc3 bxc3 28.Kb1 Rd8 29.Bb4 Ba5
30.Rxd8+ Kxd8 31.Rd1+ Ke8 32.Bd6 f6 33.Bd3 Bd5 34.Bf5 Bb6 35.f4 e4 36.Bb4 Kf7
37.Bxc3 h5 38.Re1 Re8 39.h4 Bf2 40.Re2 e3 41.Bh3 Bxh4 42.Be1 Bxe1 43.Rxe1 g5
44.fxg5 fxg5 45.g3 Bf3 46.Bf5 Kf6 47.Bd3 g4 48.c4 Kg5 49.Kc2 h4 50.gxh4+ Kxh4
51.Bf1 e2 52.Bxe2 Rxe2+  0-1

[Event "4th Karkonosze Open A"]
[Site "Karpacz POL"]
[Date "2011.02.24"]
[Round "6"]
[White "Walkusz,W"]
[Black "Malaniuk,V"]
[Result "1/2-1/2"]
[WhiteElo "2131"]
[BlackElo "2518"]

1.e4 d6 2.d4 Nf6 3.Nc3 e5 4.dxe5 dxe5 5.Qxd8+ Kxd8 6.Bc4 Ke8 7.Nd5 Nxd5 8.Bxd5 c6
9.Bc4 Nd7 10.Nf3 f6 11.Be3 Nc5 12.Nd2 b5 13.Be2 Na4 14.Rb1 Bc5 15.b3 Bxe3
16.bxa4 Bxd2+ 17.Kxd2 a6 18.Kc3 Be6 19.Kb4 Kd7 20.Kc5 Kc7 21.c4 Rhd8 22.Rhd1 Bxc4
23.Bxc4 bxc4 24.Kxc4 Rab8 25.Rxb8 Rxb8 26.Kc3 a5 27.a3 h5 28.Kc2 h4 29.g4 hxg3
30.fxg3 Rh8 31.h4 Rh6 32.Kd3 Rg6 33.Rg1 Kd6 34.h5 Rg4 35.Ke3 Ke6 36.Kf3 f5
37.exf5+ Kxf5 38.Rc1 Rxa4 39.Rc3 c5 40.Kf2 Kf6 41.Rxc5 Rxa3 42.Rc6+ Kg5 43.Rg6+ Kxh5
44.Rxg7 Rb3 45.Re7 Rb5 46.Rg7 Kh6 47.Rg8 Kh7 48.Rg4 Rb2+ 49.Kf3 Rb3+ 50.Kf2 Kh6
51.Rg8 a4 52.Re8 Rb5 53.Ra8 Rb4 54.Ra5 e4 55.Ke3 Kg6 56.g4 Kf6 57.g5+ Kg6
58.Kf4 Kh5 59.Ra6 e3+ 60.Kxe3 Kxg5  1/2-1/2

[Event "31st TCh-IND 2011"]
[Site "Kochi IND"]
[Date "2011.02.24"]
[Round "4"]
[White "Matta,V"]
[Black "Chauhan,J"]
[Result "1-0"]
[WhiteElo "2306"]
[BlackElo "2073"]

1.e4 d6 2.d4 Nf6 3.Nc3 Nbd7 4.f4 e5 5.Nf3 exd4 6.Qxd4 c6 7.Bc4 d5 8.exd5 Bc5
9.Qd3 O-O 10.dxc6 bxc6 11.Bd2 Re8+ 12.Ne2 Ne4 13.O-O-O Nf2 14.Bxf7+ Kh8 15.Qc4 Re4
16.Ng5 Rxc4 17.Bxc4 Qb6 18.Nc3 Ba6 19.Be6 Nf8 20.Na4 Nxe6 21.Nxb6 Bxb6 22.Nxe6 Nxh1
23.Rxh1 Bc4 24.Re1 Re8 25.Ng5 Rxe1+ 26.Bxe1 Bd5 27.Nf3 Bxf3 28.gxf3 Be3+
29.Bd2 Bg1 30.h3 g6 31.Bc3+ Kg8 32.Kd2 Kf7 33.Kd3 Bh2 34.Ke4 Ke6 35.Bd4 a6
36.Bf2 h6 37.a4 Kf6 38.b4 Ke6 39.c4  1-0

[Event "ch-Poltava"]
[Site "Lubny UKR"]
[Date "2011.02.24"]
[Round "8"]
[White "Shabala,S"]
[Black "Tverdohlebov,V"]
[Result "1/2-1/2"]
[WhiteElo "2346"]
[BlackElo "2392"]

1.e4 d6 2.d4 Nf6 3.Nc3 c6 4.f4 g6 5.Nf3 Bg7 6.a4 O-O 7.Be2 Bg4 8.O-O Bxf3
9.Bxf3 e5 10.Be3 Na6 11.Qd2 Nc7 12.Rad1 Qe7 13.Qf2 Ne6 14.dxe5 dxe5 15.f5 Nd4
16.Ne2 Nxe2+ 17.Qxe2 gxf5 18.exf5 e4 19.Bg4 Rfd8  1/2-1/2

[Event "61st ch-RUS w 1st League"]
[Site "Ivanovo RUS"]
[Date "2011.02.25"]
[Round "5"]
[White "Bukhteeva,V"]
[Black "Petrova,O"]
[Result "1/2-1/2"]
[WhiteElo "2144"]
[BlackElo "2230"]

1.e4 d6 2.d4 Nf6 3.Nc3 c6 4.f4 Qa5 5.Bd3 e5 6.Nf3 Nbd7 7.O-O Be7 8.Bd2 Qc7
9.Qe1 O-O 10.fxe5 dxe5 11.Qg3 Bd6 12.Bh6 Nh5 13.Qg5 exd4 14.Qxh5 gxh6 15.Qxh6 Ne5
16.Qg5+ Ng6 17.Ne2 c5 18.e5 Be7 19.Qh6 Bg4 20.Nf4 Bxf3 21.Rxf3 Qxe5 22.Bxg6 fxg6
23.Nxg6 hxg6 24.Qxg6+ Qg7 25.Qe6+ Rf7 26.Rg3 Bg5 27.Qd5 Be3+ 28.Kh1 Qxg3
29.hxg3 Kg7 30.Qe5+ Kg6 31.Qe6+ Rf6 32.Qe4+ Rf5 33.Qe6+ Rf6 34.Qe4+ Rf5 35.Qe6+ Rf6
36.Qe4+  1/2-1/2

[Event "9th TCh-IND w 2011"]
[Site "Kochi IND"]
[Date "2011.02.25"]
[Round "4"]
[White "Michelle Catherina,P"]
[Black "Vijayalakshmi,S"]
[Result "0-1"]
[WhiteElo "1959"]
[BlackElo "2454"]

1.e4 d6 2.d4 Nf6 3.Nc3 e5 4.Nf3 Nbd7 5.Be3 Be7 6.Qd2 Ng4 7.O-O-O c6 8.h3 Nxe3
9.Qxe3 Qc7 10.g4 Nb6 11.Be2 Bd7 12.Kb1 O-O-O 13.Rhe1 Kb8 14.Bf1 h6 15.Ne2 Rhe8
16.dxe5 dxe5 17.Qc3 f6 18.b3 Nc8 19.Nc1 Qb6 20.Nd3 Nd6 21.Ndxe5 fxe5 22.Nxe5 Bc8
23.Ng6 Nxe4 24.Qf3 Rxd1+ 25.Rxd1 Bf6  0-1

[Event "Osijek Open"]
[Site "Osijek CRO"]
[Date "2011.02.25"]
[Round "4.3"]
[White "Gnjezdur,V"]
[Black "Mrkonjic,N"]
[Result "0-1"]
[WhiteElo "2143"]
[BlackElo "2363"]

1.e4 d6 2.d4 Nf6 3.Nc3 e5 4.dxe5 dxe5 5.Qxd8+ Kxd8 6.Bg5 c6 7.Nf3 Bd6 8.Bc4 Ke7
9.O-O h6 10.Bc1 b5 11.Bd3 Nbd7 12.Ne1 Nc5 13.f3 Be6 14.Be3 Nfd7 15.Nd1 a6
16.Nf2 Na4 17.Nd1 Rhd8 18.Be2 f6 19.b3 Nab6 20.Bf2 a5 21.Ne3 a4 22.Nd3 Ra6
23.Nf5+ Bxf5 24.exf5 Nd5 25.Rfe1 Nc3 26.b4 a3 27.Bf1 Kf7 28.Nc5 Nxc5 29.bxc5 Be7
30.Re3 Nd1 31.Rb3 Nxf2 32.c4 Bxc5 33.cxb5 cxb5 34.Bxb5 Rad6 35.Bc4+ Kf8 36.g3 Ne4+
37.Kg2 Nd2  0-1

[Event "Osijek Open"]
[Site "Osijek CRO"]
[Date "2011.02.25"]
[Round "4.2"]
[White "Rubil,M"]
[Black "Medak,B"]
[Result "1/2-1/2"]
[WhiteElo "2182"]
[BlackElo "2367"]

1.e4 d6 2.d4 Nf6 3.Nc3 e5 4.dxe5 dxe5 5.Qxd8+ Kxd8 6.Nf3 Bd6 7.Be3 Ke7 8.O-O-O h6
9.Nd2 Be6 10.f3 Nbd7 11.Nb5 a6 12.Nxd6 cxd6 13.Nb3 Rac8 14.Kb1 Rc7 15.Bd2 Rhc8  1/2-1/2

[Event "Osijek Open"]
[Site "Osijek CRO"]
[Date "2011.02.25"]
[Round "4.1"]
[White "Dulic,G"]
[Black "Jovanovic,Zo CRO"]
[Result "0-1"]
[WhiteElo "2224"]
[BlackElo "2539"]

1.e4 d6 2.d4 Nf6 3.Nc3 e5 4.Nf3 Nbd7 5.Bc4 Be7 6.O-O O-O 7.Re1 c6 8.a4 a5
9.h3 Nb6 10.Ba2 Nfd7 11.Be3 exd4 12.Bxd4 Nc5 13.Bxc5 dxc5 14.Qe2 Qd6 15.Rad1 Qh6
16.Ne5 Be6 17.Bxe6 Qxe6 18.Ng4 Rad8 19.f4 Bh4 20.Rf1 f5 21.Ne5 Bf6 22.exf5 Qxf5
23.Rxd8 Rxd8 24.Ne4 Bxe5 25.fxe5 Qxe5 26.Qf2 Qd4 27.Nxc5 Qxf2+ 28.Rxf2 Rd5
29.Ne6 Nd7 30.b3 Nf6 31.Nf4 Rd1+ 32.Rf1 Rd4 33.Nd3 b6 34.Kf2 c5 35.Rd1 Ne4+
36.Ke3 Nc3 37.Rd2 Nd5+ 38.Ke2 c4 39.Nf2 cxb3 40.cxb3 Nc3+ 41.Ke3 Rb4 42.Rd3 Rxb3
43.Kd4 Ne2+ 44.Ke3 Nc3 45.Kd4 Rb2 46.Rxc3 Rxf2 47.g3 Ra2 48.Rc8+ Kf7 49.Rc7+ Kf8
50.Rc8+ Ke7 51.Rc7+ Kd6 52.Rxg7 Rxa4+ 53.Kc3 b5 54.Rxh7 Ra3+ 55.Kd4 Rxg3
56.Rh6+ Ke7 57.Kc5 Rb3 58.Rb6 a4 59.Ra6 a3 60.h4 Kf7 61.h5 Kg7 62.Kd5 b4
63.Ke5 Rb2 64.Kf5 a2 65.h6+ Kh7 66.Kg5 Rg2+ 67.Kh5 b3 68.Ra7+ Kh8 69.h7 Rg7  0-1

[Event "e2e4.org.uk Brighton Masters A"]
[Site "Brighton ENG"]
[Date "2011.02.26"]
[Round "7"]
[White "Rudd,J"]
[Black "Makka,I"]
[Result "1-0"]
[WhiteElo "2297"]
[BlackElo "2119"]

1.e4 d6 2.d4 Nf6 3.Nc3 e5 4.f4 exf4 5.Bxf4 c6 6.Qd2 Nh5 7.Be3 Be7 8.O-O-O Nf6
9.Nf3 b5 10.Bd3 O-O 11.Qe1 b4 12.Ne2 Ba6 13.Ng3 Bxd3 14.Rxd3 a5 15.Bg5 d5
16.e5 Nfd7 17.Bf4 c5 18.Nf5 c4 19.Qg3 g6 20.Re3 Kh8 21.Bh6 Rg8 22.Nd6 Bxd6
23.Ng5 Rg7 24.exd6 Nc6 25.Qf4 Qg8 26.Rhe1 Rf8 27.Re7 Nxe7 28.Rxe7 Nb6 29.Qf6 Nc8
30.Ne6  1-0

[Event "27th Open"]
[Site "Cappelle la Grande FRA"]
[Date "2011.02.26"]
[Round "1.34"]
[White "Le Roux,JP"]
[Black "Berry,N"]
[Result "1-0"]
[WhiteElo "2551"]
[BlackElo "2331"]

1.e4 d6 2.d4 Nf6 3.Nc3 e5 4.Nge2 Be7 5.g3 c6 6.Bg2 b5 7.a3 Bb7 8.O-O Nbd7
9.h3 h5 10.Be3 O-O 11.Qd2 Re8 12.Rfe1 a5 13.Kh2 Bf8 14.Bg5 Qc7 15.dxe5 dxe5
16.Nc1 b4 17.Nd1 Be7 18.axb4 axb4 19.Rxa8 Rxa8 20.Nd3 c5 21.b3 g6 22.f4 exf4
23.Bxf4 Qc8 24.e5 Nh7 25.e6 fxe6 26.Rxe6 Bf6 27.Ne3 Nhf8 28.Rd6 Ra6 29.Rxa6 Bxa6
30.Nd5 Bb7 31.Nxc5 Qxc5 32.Nxf6+ Nxf6 33.Bxb7 Ne6 34.Be3 Qe5 35.Kg2 h4 36.Bf2 Nh5
37.Qd5 Qf6 38.Bc8 Kf7 39.Bxe6+ Qxe6 40.Qf3+ Kg8 41.g4 Nf6 42.Qa8+ Kh7 43.Qb7+ Kg8
44.Qxb4 Qc6+ 45.Kg1 Qxc2 46.Qc4+ Qxc4 47.bxc4 Ne4 48.Bxh4 Kf7 49.Bf2 Ke6
50.Kg2 Nd2 51.c5 Kd5 52.Bg1 Ne4 53.h4 Ke5 54.Be3 Nf6 55.Kf3 Nd5 56.Bh6 Nb4
57.Bg7+ Ke6 58.Ke4 Nc6 59.Bb2 Ne7 60.Kf4 Nc6 61.Kg5 Kf7 62.h5 gxh5 63.gxh5 Kg8
64.Kg6 Ne7+ 65.Kf6 Nc6 66.Ke6 Kh7 67.Bc1  1-0

[Event "27th Open"]
[Site "Cappelle la Grande FRA"]
[Date "2011.02.26"]
[Round "1.15"]
[White "Grigoriants,S RUS"]
[Black "Karim,I"]
[Result "1/2-1/2"]
[WhiteElo "2581"]
[BlackElo "2375"]

1.e4 d6 2.d4 Nf6 3.Nc3 e5 4.Nf3 Nbd7 5.Bc4 Be7 6.O-O O-O 7.Re1 a6 8.a4 b6
9.b3 Bb7 10.d5 Ne8 11.Bf1 g6 12.Bh6 Ng7 13.Qd2 Nf6 14.Na2 a5 15.Nc3 Ng4 16.Bxg7 Kxg7
17.h3 Nf6 18.Bb5 Bc8 19.Bc6 Rb8 20.Nb5 Nh5 21.Na7 Nf4 22.Nxc8 Qxc8 23.b4 f5
24.Ra3  1/2-1/2

[Event "61st ch-RUS w 1st League"]
[Site "Ivanovo RUS"]
[Date "2011.02.26"]
[Round "6"]
[White "Azimova,K"]
[Black "Yakupova,A"]
[Result "1/2-1/2"]
[WhiteElo "2028"]
[BlackElo "2132"]

1.e4 d6 2.d4 Nf6 3.Nc3 e5 4.Nf3 Nbd7 5.Bc4 Be7 6.O-O O-O 7.Re1 c6 8.a4 b6
9.d5 Bb7 10.dxc6 Bxc6 11.Bg5 Nc5 12.Bxf6 Bxf6 13.Bd5 Qd7 14.b3 Rae8 15.Nd2 Bxd5
16.Nxd5 Bd8 17.Nc4 Kh8 18.Nc3 Re6 19.Qd5 Rg6 20.Re3 Qe7 21.Rd1 Ne6 22.Rg3 Nd4
23.Ne3 Qc7 24.Rxg6 fxg6 25.Nb5 Nxb5 26.axb5 Be7 27.Nc4 Rd8 28.g3 h6 29.Rd3 Kh7
30.Kg2 Bf6 31.c3 Be7 32.b4 Bf6 33.h3 Be7 34.h4 Bf6 35.Qe6 d5 36.Nd2 d4 37.Nc4  1/2-1/2

[Event "61st ch-RUS w 1st League"]
[Site "Ivanovo RUS"]
[Date "2011.02.26"]
[Round "6"]
[White "Rjanova,V"]
[Black "Fominykh,M"]
[Result "1-0"]
[WhiteElo "2156"]
[BlackElo "2306"]

1.e4 d6 2.d4 Nf6 3.Nc3 e5 4.Nf3 Nbd7 5.Bc4 Be7 6.O-O O-O 7.a4 c6 8.Ba2 b6
9.Qe2 a6 10.Rd1 Qc7 11.Nh4 exd4 12.Rxd4 Nc5 13.Bf4 Bg4 14.Qd2 Rad8 15.f3 Be6
16.Rd1 Bxa2 17.Nxa2 Nfxe4 18.Qe1 Bg5 19.Bxg5 Nxg5 20.Qg3 Nce6 21.Rg4 f6 22.Nf5 d5
23.Qxc7 Nxc7 24.Ne7+ Kf7 25.Nxc6 Rd6 26.Nd4 g6 27.Nc3 Rfd8 28.Kf2 h5 29.Rh4 f5
30.Nce2 Kf6 31.g4 fxg4 32.fxg4 Ne4+ 33.Kg2 Rg8 34.Rf1+ Kg5 35.Nf3+ Kh6 36.Nfd4 Rf6
37.Rxf6 Nxf6 38.gxh5 gxh5+ 39.Ng3  1-0

[Event "TCh-BEL 2010-11"]
[Site "Ans BEL"]
[Date "2011.02.27"]
[Round "9.4"]
[White "Schut,L"]
[Black "Hautot,S"]
[Result "1-0"]
[WhiteElo "2288"]
[BlackElo "2409"]

1.e4 d6 2.d4 Nf6 3.Nc3 Nbd7 4.Nf3 e5 5.Bc4 Be7 6.O-O O-O 7.Re1 c6 8.a4 b6
9.d5 c5 10.a5 a6 11.axb6 Nxb6 12.Bf1 Ne8 13.Na4 f5 14.Nxb6 Qxb6 15.Nd2 fxe4
16.Nc4 Qc7 17.Rxe4 Nf6 18.Re1 Bd7 19.Bg5 a5 20.Bd3 a4 21.f4 Bg4 22.Qd2 e4
23.Bxe4 Nxe4 24.Rxe4 Bxg5 25.fxg5 Bf5 26.Rf4 Bd7 27.Re1 Bb5 28.Na3 Qd7 29.h3 Ba6
30.Rfe4 Rae8 31.Rxe8 Rxe8 32.Nb1 Rb8 33.Qc1 Qb7 34.Nc3 Qb4 35.Kh1 Qd4 36.Re4 Qf2
37.Rf4 Qg3 38.Ne4  1-0

[Event "TCh-BEL 2010-11"]
[Site "Antwerpen BEL"]
[Date "2011.02.27"]
[Round "9.2"]
[White "Van Haastert,E"]
[Black "Docx,S"]
[Result "1-0"]
[WhiteElo "2419"]
[BlackElo "2342"]

1.d4 d6 2.e4 Nf6 3.Nc3 e5 4.dxe5 dxe5 5.Qxd8+ Kxd8 6.Bg5 c6 7.Bc4 Ke8 8.Nf3 Nbd7
9.O-O-O Be7 10.Rhe1 Ng4 11.h3 Bxg5+ 12.Nxg5 Nh6 13.f4 Ke7 14.f5 Nb6 15.Bb3 a5
16.a3 a4 17.Ba2 f6 18.Nf3 Nf7 19.Bxf7 Kxf7 20.g4 Bd7 21.Re2 Be8 22.Ne1 Ke7
23.Nd3 Nd7 24.Rg2 g5 25.h4 gxh4 26.g5 Bh5 27.gxf6+ Nxf6 28.Rf1 Bg4 29.Nxe5 Rhg8
30.Rh2 h3 31.Nxg4 Rxg4 32.e5 Ne4 33.Rxh3  1-0

[Event "27th Open"]
[Site "Cappelle la Grande FRA"]
[Date "2011.02.27"]
[Round "2.48"]
[White "Vovk,Y"]
[Black "Stojanovic,Andj"]
[Result "1-0"]
[WhiteElo "2539"]
[BlackElo "2318"]

1.e4 d6 2.d4 Nf6 3.Nc3 e5 4.Nf3 Nbd7 5.Bc4 Be7 6.O-O O-O 7.Re1 c6 8.a4 a5
9.b3 exd4 10.Nxd4 Nb6 11.Bd3 d5 12.e5 Ne8 13.Nce2 g6 14.Bh6 Ng7 15.Qd2 Re8
16.c3 c5 17.Nb5 Nf5 18.Bf4 Be6 19.Bxf5 Bxf5 20.e6 Rc8 21.exf7+ Kxf7 22.Ng3 Be6
23.Bc7 Rxc7 24.Qf4+ Kg8 25.Nxc7 Bd6 26.Rxe6 Bxf4 27.Rxe8+ Qxe8 28.Nxe8 Kf7
29.Re1 Nd7 30.c4 d4 31.Ne4 Kxe8 32.Nxc5+  1-0

[Event "27th Open"]
[Site "Cappelle la Grande FRA"]
[Date "2011.02.27"]
[Round "2.1"]
[White "Zhigalko,S"]
[Black "Hasangatin,R"]
[Result "1/2-1/2"]
[WhiteElo "2671"]
[BlackElo "2508"]

1.e4 d6 2.d4 Nf6 3.Nc3 e5 4.Nf3 Nbd7 5.Bc4 Be7 6.O-O O-O 7.a4 c6 8.Re1 exd4
9.Nxd4 Ne5 10.Bb3 Re8 11.f4 Ng6 12.a5 Qc7 13.Qf3 Bf8 14.Bd2 Bd7 15.h3 b5
16.axb6 axb6 17.Rxa8 Rxa8 18.Qg3 b5 19.Nf3 b4 20.Nd1 c5 21.Bc4 Bc6 22.Ng5 d5
23.exd5 Bxd5 24.Bxd5 Nxd5 25.Qf3 Rd8 26.f5 Ne5 27.Qe2 Nc6 28.c3 Nf6 29.Nf2 Qd7
30.Nfe4 Nxe4 31.Nxe4 Qxf5 32.Bg5 Rd5 33.Qb5 Qd7 34.Bf4 Rd1 35.Qe2 Rxe1+ 36.Qxe1 Qe6
37.Bg3 f5 38.Nd2 Qxe1+ 39.Bxe1 Ne5 40.cxb4 cxb4 41.b3 Kf7 42.Kf1 Ke6 43.Ke2 Kd5
44.Nf3 Nc6 45.Kd3 Be7 46.Bd2 Bf6 47.Ne1 Bd4 48.Nc2 Bc5 49.Be1 g5 50.Bd2 f4
51.Be1 h6 52.Bd2 h5 53.h4 f3 54.gxf3 gxh4 55.Ke2 h3 56.Kf1 Ne5 57.Bxb4 Nxf3
58.Bxc5 Kxc5 59.Kf2 h2 60.Kg2 Nd4 61.Nxd4 Kxd4 62.Kxh2 Kc5 63.Kh3 Kb4 64.Kh4 Kxb3
65.Kxh5  1/2-1/2

[Event "61st ch-RUS w 1st League"]
[Site "Ivanovo RUS"]
[Date "2011.02.27"]
[Round "7"]
[White "Sazonova,E"]
[Black "Petrova,O"]
[Result "0-1"]
[WhiteElo "2162"]
[BlackElo "2230"]

1.e4 d6 2.d4 Nf6 3.Nc3 c6 4.Be3 Nbd7 5.Be2 e5 6.Qd2 Be7 7.f4 b5 8.a3 a6 9.Bf3 O-O
10.Nge2 c5 11.dxe5 dxe5 12.Nd5 Nxd5 13.exd5 Bd6 14.O-O Bb7 15.Rad1 Qe7 16.Ng3 f5
17.Rfe1 e4 18.Be2 c4 19.Kh1 g6 20.Bd4 Qh4 21.Rf1 Rad8 22.Bc3 Nf6 23.Qe3 Rd7
24.a4 Nxd5 25.Rxd5 Bxd5 26.axb5 axb5 27.b3 Be7 28.Rd1 cxb3 29.cxb3 Be6 30.Rxd7 Bxd7
31.Qd4 Bf6 32.Qxd7 Bxc3 33.Qxb5 Kh8 34.Qc5 Bg7 35.Qd6 g5 36.fxg5 f4 37.Nf1 f3
38.gxf3 Qf2 39.Bc4 Qxf3+ 40.Kg1 Qf5 41.Qd2 Be5 42.Ng3 Qf3 43.Nf1 Bc3 44.Qg2 Bd4+
45.Kh1 Qxg2+ 46.Kxg2 Rf2+ 47.Kh3 Be5 48.Ng3 e3 49.Ne2 Kg7 50.Kg4 Bxh2 51.Kh5 Bd6
52.Nd4 Be5 53.Ne2 Rg2 54.b4 Bd6 55.Nd4 Kh8 56.b5 Be7 57.Nf3 e2 58.b6 Rxg5+
59.Kh6 Rg3  0-1

[Event "Ariston Tournament"]
[Site "Satu Mare ROU"]
[Date "2011.02.27"]
[Round "5"]
[White "Marchis,A"]
[Black "Muller,W"]
[Result "0-1"]
[WhiteElo "2037"]
[BlackElo "2020"]

1.e4 d6 2.d4 Nf6 3.Nc3 c6 4.Nf3 Bg4 5.Be2 Nbd7 6.Be3 e5 7.O-O Be7 8.Nd2 Bxe2
9.Qxe2 O-O 10.a4 Re8 11.Nb3 Qc7 12.f3 g6 13.Rfd1 Nh5 14.d5 c5 15.Nd2 a6 16.Nc4 b6
17.Na3 f5 18.exf5 gxf5 19.b3 Bf6 20.Qd2 Kh8 21.Bg5 Rg8 22.Bxf6+ Ndxf6 23.Kh1 Rg6
24.Nc4 Rag8 25.Rg1 f4 26.h3 Ng3+ 27.Kh2 Qd8 28.Rae1 Nf5 29.Ne4 b5 30.axb5 axb5
31.Nb2 Nxe4 32.Rxe4 Nd4 33.Qf2 Qg5  0-1

[Event "Ariston Tournament"]
[Site "Satu Mare ROU"]
[Date "2011.02.27"]
[Round "5"]
[White "Bumba,D"]
[Black "Luca,Ionel"]
[Result "0-1"]
[WhiteElo "2160"]
[BlackElo "2160"]

1.e4 d6 2.d4 Nf6 3.Nc3 c6 4.Be3 Ng4 5.Bc1 e5 6.d5 Qb6 7.Qf3 Nf6 8.Bc4 Bg4
9.Qd3 Nbd7 10.Be3 Nc5 11.Bxc5 Qxc5 12.f3 Bh5 13.h4 Bg6 14.a4 Rc8 15.g4 Nxd5
16.Bxd5 cxd5 17.Nxd5 f6 18.O-O-O Bf7 19.Ne2 Bxd5 20.exd5 Qc4 21.Qxc4 Rxc4
22.b3 Rc7 23.c4 Be7 24.h5 f5 25.Ng3 fxg4 26.fxg4 Bg5+ 27.Kc2 Bf4 28.Ne4 Ke7
29.Kd3 Rhc8 30.c5 Rxc5 31.Nxc5 Rxc5 32.Ke4 Kf6 33.Rhg1 Kg5 34.Rg2 Rc3 35.Rd3 Rc1
36.Rh3 Rd1 37.Rc3 Rd4+ 38.Kf3 Rxd5 39.Rcc2 Rd3+ 40.Ke4 Rxb3 41.Rc7 Kf6 42.Rd7 Ke6  0-1

[Event "TCh-SUI 2011"]
[Site "Switzerland SUI"]
[Date "2011.02.27"]
[Round "1.8"]
[White "Duport,N SUI"]
[Black "Maeser,F"]
[Result "1/2-1/2"]
[WhiteElo "2159"]
[BlackElo "2282"]

1.e4 d6 2.d4 Nf6 3.Nc3 Nbd7 4.f4 e5 5.Nf3 exd4 6.Qxd4 c6 7.Bd2 Qb6 8.O-O-O Qxd4
9.Nxd4 g6 10.Nf3 Bh6 11.h3 Nc5 12.Re1 O-O 13.g4 Bg7 14.g5 Nh5 15.b4 Na6 16.a3 Ng3
17.Rg1 Nxf1 18.Rexf1 Nc7 19.Ne2 a5 20.bxa5 Re8 21.Ng3 Nb5 22.f5 Nxa3 23.f6 Bf8
24.Nd4 Nc4 25.Nb3 Bxh3 26.Rf4 Nxd2 27.Kxd2 h5 28.Kd3 Bg4 29.Nf1 Re5 30.Ne3 Rxg5
31.Nxg4 hxg4 32.Rgxg4 Rh5 33.Rh4 Rxh4 34.Rxh4 Re8 35.Nd4 Re5 36.a6 bxa6 37.Nxc6 Re6
38.Rf4 Bh6 39.Rf1 Kh7 40.Nd8 Re8 41.Nxf7 Bf8 42.Kd4 Rc8 43.Kd5 Kg8 44.Nxd6 Rxc2
45.Nc4 Re2 46.e5 Kf7 47.e6+ Rxe6 48.Ne5+ Rxe5+ 49.Kxe5 Bb4 50.Rc1 Ba5 51.Rc6 Bd8
52.Rxa6 Bc7+ 53.Ke4 Bh2 54.Rb6 Bg3 55.Kf3 Be5 56.Rb7+ Kxf6 57.Ke4 Bc3 58.Rb6+  1/2-1/2

[Event "27th Open"]
[Site "Cappelle la Grande FRA"]
[Date "2011.02.28"]
[Round "3"]
[White "Vovk,A"]
[Black "Vorobiov,E"]
[Result "1-0"]
[WhiteElo "2528"]
[BlackElo "2556"]

1.e4 d6 2.d4 Nf6 3.Nc3 e5 4.Nf3 Nbd7 5.Bc4 Be7 6.O-O O-O 7.Re1 c6 8.a4 a5
9.Ba2 h6 10.h3 Re8 11.Be3 Qc7 12.Nd2 exd4 13.Bxd4 Ne5 14.f4 Ng6 15.e5 dxe5
16.fxe5 Nh7 17.Nc4 Rd8 18.Nd6 Bxd6 19.exd6 Qxd6 20.Bb6 Qxd1 21.Raxd1 Rxd1
22.Rxd1 Bf5 23.g4 Be6 24.Bxe6 fxe6 25.Rd7 Ng5 26.Rxb7 Rf8 27.Bxa5 Rf3 28.Bb6 Nxh3+
29.Kg2 Nh4+ 30.Kh2 Nf4 31.a5 h5 32.gxh5 Nxh5 33.a6 Rg3 34.Ne4 Rg2+ 35.Kh1 Nf4
36.a7 Nf3 37.Nf6+  1-0

[Event "27th Open"]
[Site "Cappelle la Grande FRA"]
[Date "2011.02.28"]
[Round "4.85"]
[White "Tate,A"]
[Black "Gros,P"]
[Result "1-0"]
[WhiteElo "2292"]
[BlackElo "2047"]

1.e4 d6 2.d4 Nf6 3.Nc3 c6 4.h3 Qa5 5.Bd2 Qc7 6.Nf3 e5 7.Bd3 Be7 8.O-O O-O
9.Re1 Nbd7 10.a4 b6 11.Bc4 Bb7 12.dxe5 dxe5 13.Nh4 Rfe8 14.Nf5 Bf8 15.Qf3 b5
16.axb5 cxb5 17.Bxb5 Re6 18.Qe2 Nb6 19.Ra2 a6 20.Bd3 Nfd7 21.Ne3 Nf6 22.Nc4 Nfd7
23.Rea1 Rc8 24.Nxb6 Qxb6 25.Nd5 Qd8 26.b4 Rg6 27.c4 Qh4 28.Qf3  1-0

[Event "61st ch-RUS w 1st League"]
[Site "Ivanovo RUS"]
[Date "2011.02.28"]
[Round "8"]
[White "Valiullina,L"]
[Black "Yakupova,A"]
[Result "1/2-1/2"]
[WhiteElo "1938"]
[BlackElo "2132"]

1.e4 d6 2.d4 Nf6 3.Nc3 e5 4.Nge2 Nbd7 5.f3 Be7 6.Be3 c6 7.Qd2 Nb6 8.Ng3 h5
9.Bd3 h4 10.Nge2 Be6 11.O-O-O Nc4 12.Bxc4 Bxc4 13.g3 Qc7 14.dxe5 dxe5 15.Bg5 h3
16.Rhe1 b5 17.Kb1 Be6 18.Nc1 b4 19.N3e2 a5 20.Bxf6 gxf6 21.f4 a4 22.b3 c5
23.f5 Bd7 24.c4 axb3 25.Nxb3 Qb7 26.Nec1 O-O-O 27.Qe3 Bc6 28.Rxd8+ Rxd8 29.Nd3 Qa6
30.Rc1 Qa7 31.Kb2 Kb8 32.Ndxc5 Bxe4 33.Qxe4 Bxc5 34.Qc6 Bd4+ 35.Kb1 Qa3 36.Qb5+ Kc7
37.Nxd4 Rxd4 38.Qc5+ Kd7 39.Qb5+ Ke7 40.Qc5+ Ke8 41.Qc8+ Ke7 42.Qc5+ Kd7
43.Qb5+ Kd8 44.Qb6+ Ke8 45.Qxf6 Qd3+ 46.Ka1 Qe3 47.Qc6+ Kd8 48.Kb1 Qd3+ 49.Ka1 Qe3
50.Kb1 Qd3+ 51.Ka1 Qe3 52.Kb1  1/2-1/2

[Event "ch-SRB"]
[Site "Kragujevac SRB"]
[Date "2011.03.02"]
[Round "3"]
[White "Lukovic,V"]
[Black "Drazic,S"]
[Result "0-1"]
[WhiteElo "2234"]
[BlackElo "2487"]

1.e4 d6 2.d4 Nf6 3.Nc3 e5 4.dxe5 dxe5 5.Qxd8+ Kxd8 6.Bg5 Be6 7.O-O-O+ Nd7
8.Nf3 Bd6 9.Bxf6+ gxf6 10.Nh4 Bc5 11.f3 c6 12.Nf5 b5 13.Ng7 Rg8 14.Nxe6+ fxe6
15.g3 Ke7 16.Bh3 Nb6 17.Rd3 Rad8 18.Bf1 a6 19.Nd1 a5 20.Rxd8 Rxd8 21.c3 f5
22.Be2 h5 23.h3 Kf6 24.Rh2 f4 25.gxf4 exf4 26.Rg2 Nd7 27.b3 Ne5 28.Kc2 Ng6
29.e5+ Nxe5 30.Nb2 Be3 31.Nd3 Ng6 32.h4 Nxh4 33.Rh2 Kg5 34.Ne5 Rd2+ 35.Kb1 Nf5  0-1

[Event "27th Open"]
[Site "Cappelle la Grande FRA"]
[Date "2011.03.03"]
[Round "7.31"]
[White "Collas,S"]
[Black "Janev,E"]
[Result "0-1"]
[WhiteElo "2311"]
[BlackElo "2497"]

1.d4 d6 2.e4 Nf6 3.Nc3 Nbd7 4.Nge2 e5 5.g3 g6 6.Bg2 Bg7 7.O-O O-O 8.h3 exd4
9.Nxd4 Re8 10.Nb3 Nb6 11.f4 c6 12.Rf2 d5 13.e5 Nfd7 14.a4 a5 15.g4 f6 16.exf6 Nxf6
17.g5 Nfd7 18.Ne2 Nf8 19.Nbd4 Nc4 20.f5 gxf5 21.Ng3 f4 22.Nh5 Ne3 23.Bxe3 fxe3
24.Nf6+ Kh8 25.Rf4 Re5 26.h4 Qe7 27.Nf3 Ng6 28.Qd3 e2 29.Nxe5 Qxe5 30.h5 Qxf4
31.hxg6 Bg4 32.Nxg4 Qxg4 33.c3 Re8 34.Re1 Bf8 35.Qf3 Bc5+ 36.Kh2 Qh4+ 37.Bh3 Rf8  0-1

[Event "1st Donetsk Masters"]
[Site "Donetsk UKR"]
[Date "2011.03.03"]
[Round "9"]
[White "Budnikov,O"]
[Black "Vatinyan,G"]
[Result "1-0"]
[WhiteElo "2442"]
[BlackElo "1960"]

1.d4 d6 2.e4 Nf6 3.Nc3 Nbd7 4.Nf3 e5 5.Bc4 Be7 6.O-O O-O 7.Re1 c6 8.a4 a5
9.Bg5 h6 10.Be3 Ng4 11.Bc1 exd4 12.Nxd4 Nde5 13.Ba2 Bh4 14.g3 Qb6 15.Kg2 Bf6
16.Nce2 c5 17.Nb5 c4 18.Rf1 Nxf2 19.Rxf2 Bh3+ 20.Kxh3 Qxf2 21.Bf4 Nf3 22.Qf1 Qxh2+
23.Kg4 Ne5+ 24.Bxe5 Bxe5 25.Bxc4 Rac8 26.Bb3 Rc5 27.Kf3 Bxb2 28.Qh1 Qxh1+
29.Rxh1 Be5 30.Rd1 Rd8 31.Nf4 Kf8 32.Nd5 g6 33.Ne3 Ke7 34.Nc4 Rdc8 35.Ne3 Rd8
36.g4 Rh8 37.Nd5+ Kd7 38.Kg2 h5 39.g5 h4 40.Kh3 Rh5 41.Rf1 Rxg5 42.Rxf7+ Ke8
43.Ndc7+ Kd8 44.Ne6+  1-0

[Event "27th Open"]
[Site "Cappelle la Grande FRA"]
[Date "2011.03.04"]
[Round "8.10"]
[White "Spasov,V"]
[Black "Hasangatin,R"]
[Result "1-0"]
[WhiteElo "2590"]
[BlackElo "2508"]

1.e4 d6 2.d4 Nf6 3.Nc3 e5 4.Nf3 Nbd7 5.Bc4 Be7 6.O-O O-O 7.Re1 c6 8.a4 exd4
9.Nxd4 Ne5 10.Bf1 Re8 11.h3 Ng6 12.b3 d5 13.exd5 Nxd5 14.Nxd5 Qxd5 15.Ba3 Qd7
16.Bxe7 Rxe7 17.Rxe7 Qxe7 18.Qd2 Bd7 19.Re1 Qd6 20.Qc3 Rd8 21.Nf3 Rf8 22.Bc4 Qf4
23.g3 Qf5 24.h4 h6 25.Ne5 Qf6 26.Re3 Nxe5 27.Rxe5 Bf5 28.Qe1 Bxc2 29.Re7 Kh7
30.Rxb7 Rd8 31.Rxf7 Qg6 32.Kh2 a6 33.Qe5 Bd3 34.h5  1-0

[Event "Noteboom Memorial GpA"]
[Site "Leiden NED"]
[Date "2011.03.04"]
[Round "1"]
[White "Gieben,Stijn"]
[Black "Hirschinger,T"]
[Result "0-1"]
[WhiteElo "1897"]
[BlackElo "2111"]

1.e4 d6 2.d4 Nf6 3.Nc3 Nbd7 4.f4 e5 5.Be3 c6 6.Nf3 Ng4 7.Qd2 Be7 8.O-O-O Nxe3
9.Qxe3 Qa5 10.fxe5 dxe5 11.Bc4 exd4 12.Qxd4 O-O 13.e5 Nc5 14.Ne4 Be6 15.Bxe6 Nxe6
16.Qc4 b5 17.Qb3 c5 18.c4 Rab8 19.a3 Rfc8 20.Rd7 Re8 21.Rhd1 Qa6 22.Nd6 Bxd6
23.R1xd6 Qa5 24.Qc2 Nd4 25.Nxd4 Qe1+ 26.Qd1 Qe3+ 27.Qd2 cxd4 28.Qxe3 dxe3
29.c5 b4 30.axb4 Rxb4 31.Rd4 e2 32.Kd2 Rxb2+ 33.Ke1 Rb1+ 34.Kxe2 Rxe5+ 35.Kf3 g6
36.Rxa7 Rxc5 37.Ra3 Rc2 38.h3 Rf1+ 39.Kg3 Rg1 40.Ra7 Rgxg2+ 41.Kh4 Rgf2 42.Kg5 Kg7  0-1